Vigotsky en el aula ... quién diría? /
Guardado en:
| Autor Principal: | |
|---|---|
| Formato: | Libro |
| Publicado: |
Buenos Aires :
Sb,
2003
|
| Series: | Colección En el aula; No. 12
|
| Materias: | |
| Etiquetas: |
Agregar Etiqueta
Sin Etiquetas, Sea el primero en etiquetar este registro!
|
| LEADER | 00842nam a22002175a 4500 | ||
|---|---|---|---|
| 001 | CEM.cems012894 | ||
| 005 | 20080606110116.0 | ||
| 008 | 130507s2003##################000#0#####d | ||
| 003 | CEMS | ||
| 020 | |a 9871007639 | ||
| 082 | 0 | 4 | |a 371.3 |
| 100 | 1 | |a Antunes, Celso | |
| 245 | 1 | 0 | |a Vigotsky en el aula ... quién diría? / |c Celso Antunes |
| 260 | |a Buenos Aires : |b Sb, |c 2003 | ||
| 300 | |a 60 p. | ||
| 490 | 0 | |a Colección En el aula; No. 12 | |
| 505 | 0 | |a Quién fue y qué le debemos a Lev Vigotsky -- Cómo aprendemos? -- Los profesores, son necesarios para el aprendizaje? -- Qué es la "Zona de Desarrollo Próximo"? -- El profesor como creador de las ZDP -- Los alumnos y la creación en el aula de las ZDP | |
| 653 | |a Educación | ||
| 653 | |a Didáctica | ||
| 653 | |a Pedagogía | ||
| 859 | |a CEMS |b BIB. CEMS - 11 de abril |h 371.3 |i An89 |p 25185.08 |t Ej.1 | ||
